| Tag |
First Indicator |
Second Indicator |
Subfields |
| LEADER |
00000cam a2200000 4500 |
| 001 |
in00000056801 |
| 005 |
20151008050404.0 |
| 008 |
720118s1936 enkb 00010 eng |
| 010 |
|
|
|a 37010958
|
| 035 |
|
|
|a (OCoLC)00223661
|
| 035 |
|
|
|9 AAG0776AM
|
| 040 |
|
|
|a DLC
|c WSU
|d OCL
|d TXA
|d UtOrBLW
|
| 049 |
|
|
|a TXAM
|c 1 [173546]
|
| 050 |
0 |
0 |
|a HC275
|b .C55 1936
|
| 082 |
0 |
|
|a 330.944
|
| 092 |
|
|
|a 330.944
|b C588e4
|
| 100 |
1 |
|
|a Clapham, J. H.
|q (John Harold),
|c Sir,
|d 1873-1946.
|
| 245 |
1 |
4 |
|a The economic development of France and Germany, 1815-1914 /
|c by J. H. Clapham.
|
| 250 |
|
|
|a 4th ed.
|
| 264 |
|
1 |
|a Cambridge [England] :
|b The University press,
|c 1936.
|
| 300 |
|
|
|a ix, 1 unnumbered page, 420 pages :
|b iv folded maps. ;
|c 23 cm.
|
| 336 |
|
|
|a text
|b txt
|2 rdacontent
|
| 337 |
|
|
|a unmediated
|b n
|2 rdamedia
|
| 338 |
|
|
|a volume
|b nc
|2 rdacarrier
|
| 651 |
|
0 |
|a France
|x Economic conditions.
|
| 651 |
|
0 |
|a Germany
|x Economic conditions.
|
| 999 |
|
|
|a MARS
|
| 999 |
f |
f |
|s f9f018a5-97eb-3f17-aff7-ef32e8c58873
|i 63e2c093-f45d-385d-87e2-e9bb29059984
|t 0
|
| 952 |
f |
f |
|p normal
|a Texas A&M University
|b College Station
|c Sterling C. Evans Library
|d Evans: Library Stacks
|t 0
|e HC275 .C55 1936
|h Library of Congress classification
|i unmediated -- volume
|m A14800702641
|
| 998 |
f |
f |
|a HC275 .C55 1936
|t 0
|l Evans: Library Stacks
|